Le Monde par lettre - V - Statistiques

Statistiques générales
  • Ce quiz a été pris 391 fois
  • Le résultat moyen est 10 sur 15
Statistiques - réponses
Indices Réponses % Correct
La France, l'Italie et l'Espagne en sont les principaux producteurs Vin
99%
Planète de taille similaire à la Terre Vénus
96%
____ Lactée Voie
96%
Plus petit pays du monde Vatican
95%
Ville reconnue pour ses nombreux canaux dans lesquels plusieurs gondoles circulent Venise
94%
Limite de ______ (autoroute) Vitesse
76%
95 % des Néerlandais en ont un Vélo
75%
Capitale du Liechtenstein Vaduz
67%
Plantation de vigne Vignoble
67%
Chutes à la frontière de la Zambie et du Zimbabwe Victoria
61%
Pays le plus peuplé du monde commençant par V Viêt Nam
52%
15*523*013+6+20 Vingt
39%
Darth ____ Vader
37%
Nom de famille le plus populaire en Slovaquie Varga
0%
Ville la plus peuplée du monde commençant par V Visakhapatnam
0%
Aucun quiz correspondant
Distribution des résultats
% des personnes avec chaque résultat
Percentile par nombre de réponses
Votre historique - résultats
Vous n’avez pas pris ce quiz